[Event "RSA-ch"]
[Site "Cape Town"]
[Date "2017.12.15"]
[Round "7"]
[White "Van Rensburg, Ryan Pierre"]
[Black "Mabusela, Johannes Manyedi"]
[Result "1/2-1/2"]
[WhiteElo "2214"]
[BlackElo "2213"]
[PlyCount "45"]
[EventDate "2017.12.09"]
[EventType "tourn"]
[EventRounds "11"]
[EventCountry "RSA"]
[SourceTitle "CBM 182 Extra"]
[Source "ChessBase"]
[SourceDate "2018.02.23"]
[SourceVersion "1"]
[SourceVersionDate "2018.02.23"]
[SourceQuality "1"]

1. d4 d5 2. c4 e6 3. Nc3 Nf6 4. cxd5 exd5 5. Bg5 c6 6. e3 Nbd7 7. Bd3 Be7 8. Nge2 h6 9. Bh4 Nh5 10. Bxe7 Qxe7 11. Rb1 a5 12. a3 0-0 13. b4 Qg5 14. Ng3 Nxg3 15. hxg3 axb4 16. axb4 Nf6 17. Qc2 Ng4 18. Ne2 Re8 19. Rf1 Bd7 20. Nf4 Ra3 21. Ke2 Qe7 22. Qd2 Qf6 23. Ra1 1/2-1/2

[Event "Johannesburg PSS Prestige op"]
[Site "Johannesburg"]
[Date "2017.04.22"]
[Round "6"]
[White "Ateka, Nathan"]
[Black "Van Rensburg, Ryan Pierre"]
[Result "0-1"]
[WhiteElo "2123"]
[BlackElo "2236"]
[PlyCount "94"]
[EventDate "2017.04.22"]
[EventType "swiss (rapid)"]
[EventRounds "10"]
[EventCountry "RSA"]
[SourceTitle "CBM 177 Extra"]
[Source "ChessBase"]
[SourceDate "2017.04.27"]
[SourceVersion "1"]
[SourceVersionDate "2017.04.27"]
[SourceQuality "1"]

1. c4 Nf6 2. g3 c5 3. Bg2 g6 4. Nc3 Bg7 5. Nf3 Nc6 6. 0-0 0-0 7. b3 d5 8. cxd5 Nxd5 9. Bb2 Nc7 10. d3 b6 11. Qd2 Bb7 12. Ne4 Nd4 13. Nxd4 cxd4 14. Rac1 Rb8 15. Rc2 h6 16. Rfc1 Nd5 17. Qe1 Qd7 18. a3 e5 19. Nd2 f5 20. Nc4 Rfe8 21. e4 dxe3 22. Nxe3 Nxe3 23. Qxe3 Bxg2 24. Kxg2 Qd5+ 25. Qf3 Qxb3 26. Qc6 Qf7 27. Qa4 Re7 28. Rc8+ Rxc8 29. Rxc8+ Kh7 30. Qc6 Rd7 31. Bc3 h5 32. Bb4 f4 33. gxf4 exf4 34. Qe4 f3+ 35. Qxf3 Qxf3+ 36. Kxf3 Rxd3+ 37. Ke4 Rd4+ 38. Kf3 Rd7 39. Ra8 a5 40. Bxa5 bxa5 41. Rxa5 Rd3+ 42. Kg2 Kh6 43. Ra6 Rd2 44. Kg3 Be5+ 45. f4 Rd3+ 46. Kg2 Bxf4 47. Rf6 Rd2+ 0-1

[Event "Johannesburg PSS Prestige op"]
[Site "Johannesburg"]
[Date "2017.04.22"]
[Round "2"]
[White "Oberholzer, Francois"]
[Black "Van Rensburg, Ryan Pierre"]
[Result "0-1"]
[WhiteElo "2034"]
[BlackElo "2236"]
[PlyCount "74"]
[EventDate "2017.04.22"]
[EventType "swiss (rapid)"]
[EventRounds "10"]
[EventCountry "RSA"]
[SourceTitle "CBM 177 Extra"]
[Source "ChessBase"]
[SourceDate "2017.04.27"]
[SourceVersion "1"]
[SourceVersionDate "2017.04.27"]
[SourceQuality "1"]

1. e4 c5 2. b4 cxb4 3. a3 bxa3 4. d4 d6 5. c3 Nf6 6. Bd3 g6 7. Ne2 Bg7 8. 0-0 0-0 9. Nxa3 Nc6 10. h3 e5 11. f4 exd4 12. cxd4 Re8 13. e5 Nd5 14. Kh1 dxe5 15. fxe5 Qh4 16. Nf4 Be6 17. Nxe6 fxe6 18. Nb5 Nxd4 19. Ra4 Bxe5 20. Nxd4 Qg3 21. Nf3 Nc3 22. Qb3 Nxa4 23. Qxa4 Rf8 24. Nxe5 Rxf1+ 25. Bxf1 Qxe5 26. Bf4 Qf5 27. Bc4 Rd8 28. Bg3 Kf7 29. Qxa7 Qe4 30. Qc5 Rd7 31. Bb5 Qd4 32. Qc8 Re7 33. Kh2 Kg7 34. Qb8 e5 35. Qc8 e4 36. Bc4 Qf6 37. Qf8+ Qxf8 0-1

[Event "Johannesburg PSS Prestige op"]
[Site "Johannesburg"]
[Date "2017.04.22"]
[Round "3"]
[White "Van Rensburg, Ryan Pierre"]
[Black "Grover, Sahaj"]
[Result "1/2-1/2"]
[WhiteElo "2236"]
[BlackElo "2473"]
[PlyCount "51"]
[EventDate "2017.04.22"]
[EventType "swiss (rapid)"]
[EventRounds "10"]
[EventCountry "RSA"]
[SourceTitle "CBM 177 Extra"]
[Source "ChessBase"]
[SourceDate "2017.04.27"]
[SourceVersion "1"]
[SourceVersionDate "2017.04.27"]
[SourceQuality "1"]

1. d4 Nf6 2. c4 e6 3. Nc3 Bb4 4. e3 0-0 5. Nge2 Re8 6. a3 Bf8 7. Ng3 d6 8. Be2 g6 9. e4 c5 10. dxc5 Nc6 11. cxd6 Bxd6 12. Bg5 Be7 13. Qxd8 Rxd8 14. 0-0 b6 15. Rad1 Ba6 16. b4 Bb7 17. Rxd8+ Rxd8 18. Rd1 Rxd1+ 19. Bxd1 Kg7 20. Be3 h5 21. f3 Nd7 22. Nge2 a5 23. Na4 axb4 24. axb4 Bxb4 25. Nxb6 Nde5 26. Ba4 1/2-1/2

[Event "Johannesburg Redpath op"]
[Site "Johannesburg"]
[Date "2016.07.16"]
[Round "7"]
[White "Salimu, Reuben"]
[Black "Van Rensburg, Ryan Pierre"]
[Result "0-1"]
[WhiteElo "1949"]
[BlackElo "2220"]
[PlyCount "70"]
[EventDate "2016.07.13"]
[EventType "swiss"]
[EventRounds "9"]
[EventCountry "RSA"]
[SourceTitle "CBM 173 Extra"]
[Source "ChessBase"]
[SourceDate "2016.08.29"]
[SourceVersion "1"]
[SourceVersionDate "2016.08.29"]
[SourceQuality "1"]

1. Nf3 Nf6 2. d4 e6 3. g3 b6 4. Bg2 Bb7 5. 0-0 c5 6. c4 Be7 7. d5 exd5 8. Nh4 0-0 9. Nf5 Re8 10. cxd5 Bf8 11. Nc3 g6 12. Nh6+ Kg7 13. Bg5 d6 14. e4 Be7 15. e5 dxe5 16. d6 Bxg2 17. Kxg2 Qxd6 18. Qf3 Nc6 19. Nb5 Qd7 20. Bxf6+ Bxf6 21. Ng4 Re6 22. Rad1 Qe7 23. Nc3 e4 24. Nxe4 Bxb2 25. Nc3 Bxc3 26. Qxc3+ Nd4 27. Rxd4 cxd4 28. Qxd4+ f6 29. Rc1 Rd8 30. Qf4 Red6 31. Qh6+ Kg8 32. Rc3 Qe4+ 33. f3 Qe2+ 34. Nf2 Rd2 35. Qe3 Re8 0-1

[Event "Johannesburg Redpath op"]
[Site "Johannesburg"]
[Date "2016.07.15"]
[Round "4"]
[White "Mwale, Joseph"]
[Black "Van Rensburg, Ryan Pierre"]
[Result "1-0"]
[WhiteElo "2076"]
[BlackElo "2220"]
[PlyCount "63"]
[EventDate "2016.07.13"]
[EventType "swiss"]
[EventRounds "9"]
[EventCountry "RSA"]
[SourceTitle "CBM 173 Extra"]
[Source "ChessBase"]
[SourceDate "2016.08.29"]
[SourceVersion "1"]
[SourceVersionDate "2016.08.29"]
[SourceQuality "1"]

1. Nf3 Nf6 2. g3 g6 3. Bg2 Bg7 4. 0-0 0-0 5. c4 c5 6. d4 cxd4 7. Nxd4 Nc6 8. Nc3 d6 9. Nxc6 bxc6 10. Bxc6 Rb8 11. Qa4 Bd7 12. Rb1 Bxc6 13. Qxc6 Nd7 14. Bd2 Rc8 15. Qa6 Nb6 16. b3 d5 17. Nxd5 Nxd5 18. cxd5 Qxd5 19. Be3 Rfd8 20. Rbc1 Rxc1 21. Rxc1 Bb2 22. Rb1 Qe4 23. Rf1 Kg7 24. Qc4 Qe5 25. Bxa7 Ra8 26. Bc5 Rxa2 27. b4 Ra8 28. e3 Rd8 29. Rb1 Bc3 30. Bxe7 Rd2 31. Qc8 Ba1 32. Rxa1 1-0

[Event "Port Louis zt 4.3"]
[Site "Port Louis"]
[Date "2016.04.29"]
[Round "7"]
[White "Alberto, Manuel"]
[Black "Van Rensburg, Ryan Pierre"]
[Result "1/2-1/2"]
[WhiteElo "2195"]
[BlackElo "2178"]
[PlyCount "60"]
[EventDate "2016.04.24"]
[EventType "swiss"]
[EventRounds "9"]
[EventCountry "MRI"]
[SourceTitle "CBM 172 Extra"]
[Source "ChessBase"]
[SourceDate "2016.06.21"]
[SourceVersion "1"]
[SourceVersionDate "2016.06.21"]
[SourceQuality "1"]

1. e4 c5 2. Nf3 Nc6 3. Bb5 Nf6 4. e5 Nd5 5. Nc3 Nc7 6. Bxc6 dxc6 7. 0-0 g6 8. Ne4 Ne6 9. h3 Bg7 10. Re1 c4 11. Qe2 Qd5 12. b3 cxb3 13. c4 Qd8 14. axb3 Nf4 15. Qe3 Nd3 16. Nd6+ exd6 17. Qxd3 0-0 18. Bb2 dxe5 19. Qxd8 Rxd8 20. Bxe5 Be6 21. d4 b5 22. Bxg7 Kxg7 23. cxb5 cxb5 24. b4 a6 25. Re5 Bd5 26. Nd2 Rd6 27. Rc1 Be6 28. Nf3 Bd5 29. Nd2 Be6 30. Nf3 Bd5 1/2-1/2

[Event "Port Louis zt 4.3"]
[Site "Port Louis"]
[Date "2016.04.27"]
[Round "6"]
[White "Domingos, Paulino"]
[Black "Van Rensburg, Ryan Pierre"]
[Result "0-1"]
[WhiteElo "2178"]
[BlackElo "2178"]
[PlyCount "85"]
[EventDate "2016.04.24"]
[EventType "swiss"]
[EventRounds "9"]
[EventCountry "MRI"]
[SourceTitle "CBM 172 Extra"]
[Source "ChessBase"]
[SourceDate "2016.06.21"]
[SourceVersion "1"]
[SourceVersionDate "2016.06.21"]
[SourceQuality "1"]

1. e4 c5 2. Nf3 Nc6 3. c3 Nf6 4. e5 Nd5 5. d4 cxd4 6. cxd4 e6 7. Nc3 Nxc3 8. bxc3 d6 9. exd6 Bxd6 10. Bd3 e5 11. 0-0 0-0 12. Bg5 Qc7 13. h3 h6 14. Be3 Re8 15. Qc2 exd4 16. cxd4 Nb4 17. Qxc7 Bxc7 18. Rfc1 Bd6 19. Bb5 Re7 20. Bc4 Bf5 21. Ne1 Be4 22. a3 Nd5 23. Bd2 Nf4 24. Bb4 Rd8 25. f3 Bd5 26. Bxd5 Nxd5 27. Bxd6 Rxd6 28. Rc8+ Kh7 29. Rac1 Rdd7 30. Nd3 Nb6 31. Nc5 Rxd4 32. Rb8 Rc4 33. Rxc4 Nxc4 34. Nxb7 Nxa3 35. Na5 Rc7 36. Nb3 Nc4 37. Nd4 Rd7 38. Nc6 Rc7 39. Nd4 Rd7 40. Nb5 a5 41. Ra8 Rd1+ 42. Kh2 Ra1 43. Nc3 0-1

[Event "Port Louis zt 4.3"]
[Site "Port Louis"]
[Date "2016.04.27"]
[Round "5"]
[White "Van Rensburg, Ryan Pierre"]
[Black "Phillips, Roy Jean Noel"]
[Result "1/2-1/2"]
[WhiteElo "2178"]
[BlackElo "2223"]
[PlyCount "36"]
[EventDate "2016.04.24"]
[EventType "swiss"]
[EventRounds "9"]
[EventCountry "MRI"]
[SourceTitle "CBM 172 Extra"]
[Source "ChessBase"]
[SourceDate "2016.06.21"]
[SourceVersion "1"]
[SourceVersionDate "2016.06.21"]
[SourceQuality "1"]

1. d4 g6 2. c4 Bg7 3. e4 d6 4. Nc3 a6 5. Be3 c6 6. Bd3 b5 7. Nge2 Nf6 8. f3 Nbd7 9. Qd2 0-0 10. Rc1 e5 11. d5 bxc4 12. Bxc4 c5 13. 0-0 Kh8 14. g4 Ng8 15. Ng3 Qh4 16. Kg2 f6 17. Bd3 Bh6 18. Nd1 Bg5 1/2-1/2

[Event "Port Louis zt 4.3"]
[Site "Port Louis"]
[Date "2016.04.25"]
[Round "2"]
[White "Van Rensburg, Ryan Pierre"]
[Black "Gaealafshwe, Barileng"]
[Result "1-0"]
[WhiteElo "2178"]
[BlackElo "2203"]
[PlyCount "87"]
[EventDate "2016.04.24"]
[EventType "swiss"]
[EventRounds "9"]
[EventCountry "MRI"]
[SourceTitle "CBM 172 Extra"]
[Source "ChessBase"]
[SourceDate "2016.06.21"]
[SourceVersion "1"]
[SourceVersionDate "2016.06.21"]
[SourceQuality "1"]

1. d4 d5 2. c4 c6 3. Nf3 Nf6 4. g3 Bg4 5. Bg2 e6 6. Qb3 Qb6 7. c5 Qxb3 8. axb3 Bxf3 9. Bxf3 Nbd7 10. Bf4 Be7 11. Nc3 a6 12. b4 Rc8 13. g4 0-0 14. h4 Ne8 15. g5 Nc7 16. Bg4 Rfe8 17. f3 f5 18. gxf6 Bxf6 19. e3 Nf8 20. Kd2 Na8 21. Bd6 Rcd8 22. f4 Be7 23. Be5 Bf6 24. Bd6 Be7 25. Be5 Bf6 26. Ne2 Bxe5 27. fxe5 Nc7 28. Rhf1 Re7 29. Rf2 Rf7 30. Raf1 Rxf2 31. Rxf2 Ra8 32. Rf1 a5 33. bxa5 Rxa5 34. Nc3 Ng6 35. h5 Ne7 36. b4 Ra3 37. b5 Nf5 38. b6 Ne8 39. Bxf5 exf5 40. Rxf5 g6 41. hxg6 hxg6 42. Rf1 Kg7 43. e4 dxe4 44. Nxe4 1-0

[Event "Pretoria Capablanca"]
[Site "Pretoria"]
[Date "2015.05.02"]
[Round "7"]
[White "Van Rensburg, Ryan Pierre"]
[Black "Chumfwa, Kelvin"]
[Result "1-0"]
[WhiteElo "2194"]
[BlackElo "2242"]
[PlyCount "97"]
[EventDate "2015.04.29"]
[EventType "tourn"]
[EventRounds "9"]
[EventCountry "RSA"]
[SourceTitle "EXT 2016"]
[Source "ChessBase"]
[SourceDate "2015.10.08"]
[SourceVersion "1"]
[SourceVersionDate "2015.10.08"]
[SourceQuality "1"]

1. d4 Nc6 2. c4 e5 3. dxe5 Nxe5 4. e4 Bc5 5. f4 Nc6 6. Nf3 d6 7. Nc3 Nf6 8. Bd3 0-0 9. Na4 Bb4+ 10. Kf1 a6 11. a3 Bc5 12. Nxc5 dxc5 13. e5 Bf5 14. Bc2 Qxd1+ 15. Bxd1 Rfd8 16. Be2 Nd4 17. Nxd4 cxd4 18. exf6 d3 19. Bf3 d2 20. Ke2 Rd3 21. Rd1 Re8+ 22. Kf2 dxc1Q 23. Raxc1 Rb3 24. Rd2 gxf6 25. Bd1 Rb6 26. c5 Rbe6 27. Bf3 Be4 28. Bxe4 Rxe4 29. g3 Kg7 30. Rcc2 R8e7 31. Re2 f5 32. Rxe4 fxe4 33. g4 h5 34. h3 f5 35. Ke3 Kf6 36. gxf5 Rg7 37. Kxe4 Re7+ 38. Kf3 Rd7 39. c6 bxc6 40. Rxc6+ Kxf5 41. Rc5+ Kg6 42. Ke4 Rd2 43. Rc6+ Kf7 44. Rxc7+ Kf6 45. Rc6+ Kf7 46. b4 a5 47. bxa5 Ra2 48. Rc3 Rb2 49. Rc4 1-0

[Event "Pretoria Capablanca"]
[Site "Pretoria"]
[Date "2015.04.30"]
[Round "3"]
[White "Makoto, Rodwell"]
[Black "Van Rensburg, Ryan Pierre"]
[Result "1-0"]
[WhiteElo "2321"]
[BlackElo "2194"]
[PlyCount "39"]
[EventDate "2015.04.29"]
[EventType "tourn"]
[EventRounds "9"]
[EventCountry "RSA"]
[SourceTitle "EXT 2016"]
[Source "ChessBase"]
[SourceDate "2015.10.08"]
[SourceVersion "1"]
[SourceVersionDate "2015.10.08"]
[SourceQuality "1"]

1. Nf3 Nf6 2. c4 b6 3. g3 Bb7 4. Bg2 c5 5. 0-0 g6 6. Nc3 Bg7 7. d4 cxd4 8. Qxd4 d6 9. Rd1 Nbd7 10. Be3 0-0 11. Qh4 Rc8 12. Rac1 Nc5 13. Bh3 Rb8 14. Bh6 Re8 15. Ng5 Bh8 16. b4 Ncd7 17. Ne6 Qc8 18. Nd5 Qc6 19. b5 Qc8 20. Nec7 1-0

[Event "Durban op"]
[Site "Durban"]
[Date "2014.09.28"]
[Round "10"]
[White "Cawdery, Daniel"]
[Black "Van Rensburg, Ryan Pierre"]
[Result "1-0"]
[WhiteElo "2432"]
[BlackElo "2175"]
[PlyCount "51"]
[EventDate "2014.09.20"]
[EventType "swiss"]
[EventRounds "11"]
[EventCountry "RSA"]
[SourceTitle "CBM 162 Extra"]
[Source "ChessBase"]
[SourceDate "2014.10.17"]
[SourceVersion "1"]
[SourceVersionDate "2014.10.17"]
[SourceQuality "1"]

1. e4 g6 2. d4 Bg7 3. Nc3 d6 4. Nf3 a6 5. Bd3 Nd7 6. 0-0 b5 7. Qe2 c5 8. dxc5 Nxc5 9. a4 b4 10. Nd5 Rb8 11. Rd1 e6 12. Ne3 Ne7 13. e5 d5 14. Ng4 h6 15. Nf6+ Bxf6 16. exf6 Nc6 17. Bf4 Ra8 18. Ne5 Nd4 19. Qe3 Nxd3 20. Qxd4 Nxf4 21. Qxf4 a5 22. c4 bxc3 23. bxc3 Qc7 24. c4 dxc4 25. Rd4 g5 26. Qe3 1-0

[Event "Durban op"]
[Site "Durban"]
[Date "2014.09.23"]
[Round "5"]
[White "Van Rensburg, Ryan Pierre"]
[Black "Mashope, Mpho D"]
[Result "1-0"]
[WhiteElo "2175"]
[BlackElo "1700"]
[PlyCount "47"]
[EventDate "2014.09.20"]
[EventType "swiss"]
[EventRounds "11"]
[EventCountry "RSA"]
[SourceTitle "CBM 162 Extra"]
[Source "ChessBase"]
[SourceDate "2014.10.17"]
[SourceVersion "1"]
[SourceVersionDate "2014.10.17"]
[SourceQuality "1"]

1. d4 d5 2. c4 c6 3. Nf3 Nf6 4. Qb3 e6 5. Nc3 Qb6 6. c5 Qxb3 7. axb3 Nbd7 8. b4 Be7 9. Bf4 0-0 10. b5 Nh5 11. Bc7 Nhf6 12. e3 cxb5 13. Bxb5 a6 14. 0-0 Nb8 15. Ne5 Ne8 16. Bb6 f6 17. Nd3 Nd7 18. Bxd7 Bxd7 19. f4 Rc8 20. f5 Nc7 21. Nf4 e5 22. Bxc7 exf4 23. Nxd5 Bd8 24. Bxd8 1-0

[Event "Durban op"]
[Site "Durban"]
[Date "2014.09.21"]
[Round "2"]
[White "Van Rensburg, Ryan Pierre"]
[Black "Gupta, Abhijeet"]
[Result "0-1"]
[WhiteElo "2175"]
[BlackElo "2642"]
[PlyCount "66"]
[EventDate "2014.09.20"]
[EventType "swiss"]
[EventRounds "11"]
[EventCountry "RSA"]
[SourceTitle "CBM 162 Extra"]
[Source "ChessBase"]
[SourceDate "2014.10.17"]
[SourceVersion "1"]
[SourceVersionDate "2014.10.17"]
[SourceQuality "1"]

1. d4 Nf6 2. c4 c5 3. d5 e6 4. Nc3 d6 5. Nf3 exd5 6. cxd5 g6 7. Nd2 Bg7 8. Nc4 0-0 9. Bf4 Na6 10. Qd2 b5 11. Nxb5 Ne4 12. Qc1 Nb4 13. f3 a6 14. Nba3 Nf6 15. e4 Re8 16. Nxd6 Nfxd5 17. Nac4 Nxf4 18. Qxf4 Be6 19. Rd1 Re7 20. Be2 Nc2+ 21. Kf2 Rd7 22. e5 Nd4 23. Bd3 Rb8 24. b3 Nb5 25. Rhe1 Nc3 26. Rd2 Nd5 27. Qe4 Bh6 28. Ne3 Nc3 29. Qc6 Rc7 30. Qxa6 Ra8 31. Qb6 Bxe3+ 32. Rxe3 Qh4+ 33. Kg1 Qd4 0-1

[Event "RSA-ch"]
[Site "Cape Town"]
[Date "2014.01.11"]
[Round "9"]
[White "Van den Heever, Donovan"]
[Black "Van Rensburg, Ryan Pierre"]
[Result "1-0"]
[WhiteElo "2274"]
[BlackElo "2123"]
[PlyCount "59"]
[EventDate "2014.01.04"]
[EventType "tourn"]
[EventRounds "11"]
[EventCountry "RSA"]
[SourceTitle "CBM 158 Extra"]
[Source "ChessBase"]
[SourceDate "2014.02.28"]
[SourceVersion "1"]
[SourceVersionDate "2014.02.28"]
[SourceQuality "1"]

1. e4 c5 2. Nf3 g6 3. c3 Bg7 4. d4 d5 5. exd5 Qxd5 6. Na3 Bg4 7. Bc4 Qd7 8. h3 Bxf3 9. Qxf3 Nf6 10. dxc5 Nc6 11. Qe2 0-0 12. 0-0 Qf5 13. Be3 Rad8 14. Rad1 Nd5 15. Bc1 Nf4 16. Qg4 Be5 17. Qxf5 gxf5 18. Rfe1 Bb8 19. Bxf4 Bxf4 20. g3 Bg5 21. Bd5 Rc8 22. b4 Bf6 23. Nb5 Rfd8 24. Bxc6 Rxd1 25. Rxd1 bxc6 26. Nxa7 Rc7 27. Rd8+ Kg7 28. Ra8 Bxc3 29. a3 Kf6 30. Nc8 1-0

[Event "RSA-ch"]
[Site "Cape Town"]
[Date "2014.01.10"]
[Round "8"]
[White "Van Rensburg, Ryan Pierre"]
[Black "Cawdery, Daniel"]
[Result "1/2-1/2"]
[WhiteElo "2123"]
[BlackElo "2382"]
[PlyCount "51"]
[EventDate "2014.01.04"]
[EventType "tourn"]
[EventRounds "11"]
[EventCountry "RSA"]
[SourceTitle "CBM 158 Extra"]
[Source "ChessBase"]
[SourceDate "2014.02.28"]
[SourceVersion "1"]
[SourceVersionDate "2014.02.28"]
[SourceQuality "1"]

1. Nf3 Nf6 2. c4 g6 3. b3 Bg7 4. Bb2 0-0 5. g3 d6 6. Bg2 e5 7. Nc3 Re8 8. 0-0 e4 9. Ne1 Nc6 10. e3 Bg4 11. f3 exf3 12. Nxf3 Ne4 13. Qc1 Nc5 14. Ne1 a5 15. Rf4 h5 16. Ne4 Nxe4 17. Bxe4 g5 18. Bxc6 bxc6 19. Rf2 Qe7 20. Bxg7 Kxg7 21. Ng2 c5 22. Qc3+ f6 23. Raf1 Rf8 24. h4 Qe5 25. Qxe5 fxe5 26. Rxf8 1/2-1/2

[Event "RSA-ch"]
[Site "Cape Town"]
[Date "2014.01.07"]
[Round "5"]
[White "Van Rensburg, Ryan Pierre"]
[Black "Bhawoodien, Mohamed Ozayr"]
[Result "1-0"]
[WhiteElo "2123"]
[BlackElo "1913"]
[PlyCount "83"]
[EventDate "2014.01.04"]
[EventType "tourn"]
[EventRounds "11"]
[EventCountry "RSA"]
[SourceTitle "CBM 158 Extra"]
[Source "ChessBase"]
[SourceDate "2014.02.28"]
[SourceVersion "1"]
[SourceVersionDate "2014.02.28"]
[SourceQuality "1"]

1. d4 d5 2. c4 c6 3. Nf3 Nf6 4. Nc3 dxc4 5. a4 Bf5 6. Ne5 Na6 7. e3 Nb4 8. Bxc4 e6 9. 0-0 Bd6 10. Qe2 h6 11. e4 Bh7 12. f4 0-0 13. f5 Bc7 14. Be3 exf5 15. Nxf7 Rxf7 16. Bxf7+ Kxf7 17. Qc4+ Nbd5 18. exd5 cxd5 19. Qe2 g5 20. g3 a6 21. Qf3 Kg7 22. h4 Ne4 23. hxg5 hxg5 24. Nxe4 dxe4 25. Qh5 Bxg3 26. Qxg5+ Qxg5 27. Bxg5 Kg6 28. Ra3 Bd6 29. Rh3 Kxg5 30. Rxh7 b5 31. Kf2 Kg6 32. Rd7 Bf4 33. Ke2 Bg3 34. Rg1 f4 35. Re7 e3 36. Rc1 Rd8 37. Rc6+ Kf5 38. Re5+ Kg4 39. Rg6+ Kh3 40. Kf3 Kh2 41. Rh5+ Kg1 42. Rgh6 1-0

[Event "RSA-ch"]
[Site "Cape Town"]
[Date "2014.01.04"]
[Round "1"]
[White "Van Rensburg, Ryan Pierre"]
[Black "Bhawoodien, Shabier Hussain"]
[Result "1-0"]
[WhiteElo "2123"]
[BlackElo "2135"]
[PlyCount "105"]
[EventDate "2014.01.04"]
[EventType "tourn"]
[EventRounds "11"]
[EventCountry "RSA"]
[SourceTitle "CBM 158 Extra"]
[Source "ChessBase"]
[SourceDate "2014.02.28"]
[SourceVersion "1"]
[SourceVersionDate "2014.02.28"]
[SourceQuality "1"]

1. d4 d5 2. c4 e6 3. Nc3 c5 4. e3 Nf6 5. Nf3 Nc6 6. a3 cxd4 7. exd4 Be7 8. Bf4 0-0 9. b4 Ne4 10. Qc2 Bf6 11. Rd1 Nxc3 12. Qxc3 dxc4 13. Qxc4 Bd7 14. Qb3 Qb6 15. Be3 Qc7 16. Bc4 Rac8 17. Rc1 Nxd4 18. Nxd4 Bxd4 19. Bxd4 b5 20. Qb2 bxc4 21. Bxg7 Rfe8 22. Be5 c3 23. Qe2 Qc4 24. Qe3 Qg4 25. f3 Qg6 26. Bxc3 Rc4 27. 0-0 Rec8 28. Rfd1 Ba4 29. Re1 h6 30. Bd2 Rxc1 31. Rxc1 Rxc1+ 32. Bxc1 a6 33. Qxh6 Qd3 34. h3 Bb5 35. Bg5 Qg6 36. Qxg6+ fxg6 37. f4 Kf7 38. Kf2 Ke8 39. g4 Kd7 40. h4 Ke8 41. h5 gxh5 42. gxh5 Kf7 43. Ke3 Bc6 44. Kd4 Bf3 45. h6 Bd1 46. Kc5 Kg6 47. Kb6 Be2 48. a4 Bd3 49. b5 axb5 50. axb5 e5 51. Kc6 e4 52. f5+ Kxg5 53. h7 1-0